Nomination of Fred P. Hochberg.

Bibliographic Details
Corporate Author: United States. Congress. Senate. Committee on Banking, Housing, and Urban Affairs
Format: Government Document eBook
Language:English
Published: Bethesda, Md. : ProQuest, 2013.
Subjects:
Online Access:Electronic resource (PDF)

MARC

Tag First Indicator Second Indicator Subfields
LEADER 00000cam a22000001a 4500
001 in00004158721
005 20201031063028.0
006 m d f
007 cr bn mmmapmmp
008 140916s2013 mdu o f000 0 eng d
035 |a chdc20131145 
040 |a UMI  |c UMI  |d UtOrBLW 
086 0 |a Y 4.B 22/3:S.HRG.113-23 
110 1 |a United States.  |b Congress.  |b Senate.  |b Committee on Banking, Housing, and Urban Affairs.  |0 http://id.loc.gov/authorities/names/n81033403 
245 1 0 |a Nomination of Fred P. Hochberg. 
264 1 |a Bethesda, Md. :  |b ProQuest,  |c 2013. 
300 |a 64 pages, digital, PDF file. 
336 |a text  |b txt  |2 rdacontent 
337 |a computer  |b c  |2 rdamedia 
338 |a online resource  |b cr  |2 rdacarrier 
500 |a Record is based on bibliographic data in ProQuest U.S. Congressional Hearings Digital Collection. Reuse except for individual research requires license from ProQuest, LLC. 
500 |a Electronic resource. 
533 |a Electronic reproduction.  |b [Bethesda, Md.] :  |c ProQuest,  |d 2013.  |e digital, PDF file.  |n ProQuest Congressional Hearings Digital Collection.  |n Mode of access: World Wide Web via ProQuest website. 
538 |a System requirements: PDF reader software. 
600 1 0 |a Hochberg, Fred P.  |q (Fred Philip),  |d 1952-  |0 http://id.loc.gov/authorities/names/no98126639 
610 2 0 |a Export-Import Bank of the United States  |x Officials and employees  |x Selection and appointment. 
776 0 8 |i Microfiche version:  |a United States. Congress. Senate. Committee on Banking, Housing, and Urban Affairs  |t Nomination of Fred P. Hochberg  |o CIS 2013 S241-55  |w cis201303029 
856 4 0 |u http://proxy.library.tamu.edu/login?url=http://search.proquest.com/congcomp/getdoc?HEARING-ID=HRG-2013-BHU-0005  |y Electronic resource (PDF)  |z CIS 2013-S241-55  |t 0 
998 |a cis201303029 
999 f f |s 31d45cb1-26b2-3ded-8b2b-578e31f585de  |i c6336117-9abf-3ea6-93f4-753ccff9ee27  |t 0 
952 f f |a Texas A&M University  |b College Station  |c Electronic Resources  |d Available Online  |t 0  |e Y 4.B 22/3:S.HRG.113-23  |h Superintendent of Documents classification 
998 f f |a Y 4.B 22/3:S.HRG.113-23  |t 0  |l Available Online